5HLuxD.jpg

KING HENRY VIII SENIOR AND PRIMARY SCHOOL LIBRARY OPAC

Throne of glass / (Record no. 987)

000 -LEADER
fixed length control field 03641cam a2200769 a 4500
001 - CONTROL NUMBER
control field .b2054215x
003 - CONTROL NUMBER IDENTIFIER
control field OCoLC
005 - DATE AND TIME OF LATEST TRANSACTION
control field 20200310103926.0
008 - FIXED-LENGTH DATA ELEMENTS--GENERAL INFORMATION
fixed length control field 120418t20132012nyub d 000 1 eng
010 ## - LIBRARY OF CONGRESS CONTROL NUMBER
LC control number 2012011229
015 ## - NATIONAL BIBLIOGRAPHY NUMBER
National bibliography number GBB5H1237
Source bnb
020 ## - INTERNATIONAL STANDARD BOOK NUMBER
International Standard Book Number 9781619630345
Qualifying information (paperback)
020 ## - INTERNATIONAL STANDARD BOOK NUMBER
International Standard Book Number 1619630346
Qualifying information (paperback)
035 ## - SYSTEM CONTROL NUMBER
System control number (OCoLC)772115038
Canceled/invalid control number (OCoLC)811623503
-- (OCoLC)877933822
-- (OCoLC)966556341
040 ## - CATALOGING SOURCE
Transcribing agency KH8
042 ## - AUTHENTICATION CODE
Authentication code nbic
082 00 - DEWEY DECIMAL CLASSIFICATION NUMBER
Classification number FIC MAA
Edition number 23
100 1# - MAIN ENTRY--PERSONAL NAME
Personal name Maas, Sarah J.,
Relator term author.
245 10 - TITLE STATEMENT
Title Throne of glass /
Statement of responsibility, etc. Sarah J. Maas.
260 ## - PUBLICATION, DISTRIBUTION, ETC.
Place of publication, distribution, etc. New York :
Name of publisher, distributor, etc. Bloomsbury,
Date of publication, distribution, etc. 2013.
264 ## - PRODUCTION, PUBLICATION, DISTRIBUTION, MANUFACTURE, AND COPYRIGHT NOTICE
Date of production, publication, distribution, manufacture, or copyright notice ©2012.
300 ## - PHYSICAL DESCRIPTION
Extent 406 pages :
Other physical details map ;
Dimensions 21 cm.
336 ## - CONTENT TYPE
Content type term text
Content type code txt
Source rdacontent.
337 ## - MEDIA TYPE
Media type term unmediated
Media type code n
Source rdamedia.
338 ## - CARRIER TYPE
Carrier type term volume
Carrier type code nc
Source rdacarrier.
380 ## - FORM OF WORK
Form of work Fiction
Source of term marcgt.
380 ## - FORM OF WORK
Form of work Book
Source of term tlcgt.
440 ## - SERIES STATEMENT/ADDED ENTRY--TITLE
Title Throne of glass ;
Number of part/section of a work Book 1.
520 ## - SUMMARY, ETC.
Summary, etc. After serving out a year of hard labor in the salt mines of Endovier for her crimes, 18-year-old assassin Celaena Sardothien is dragged before the Crown Prince. Prince Dorian offers her her freedom on one condition: she must act as his champion in a competition to find a new royal assassin. Her opponents are men-thieves and assassins and warriors from across the empire, each sponsored by a member of the king's council. If she beats her opponents in a series of eliminations, she'll serve the kingdom for four years and then be granted her freedom. Celaena finds her training sessions with the captain of the guard, Westfall, challenging and exhilarating. But she's bored stiff by court life. Things get a little more interesting when the prince starts to show interest in her ... but it's the gruff Captain Westfall who seems to understand her best. Then one of the other contestants turns up dead ... quickly followed by another. Can Celaena figure out who the killer is before she becomes a victim? As the young assassin investigates, her search leads her to discover a greater destiny than she could possibly have imagined.
521 ## - TARGET AUDIENCE NOTE
Target audience note Young Adult.
650 #0 - SUBJECT ADDED ENTRY--TOPICAL TERM
Topical term or geographic name entry element Assassins
Form subdivision Juvenile fiction.
650 #0 - SUBJECT ADDED ENTRY--TOPICAL TERM
Topical term or geographic name entry element Princes
Form subdivision Juvenile fiction.
650 #0 - SUBJECT ADDED ENTRY--TOPICAL TERM
Topical term or geographic name entry element Courts and courtiers
Form subdivision Juvenile fiction.
650 #0 - SUBJECT ADDED ENTRY--TOPICAL TERM
Topical term or geographic name entry element Prisoners
Form subdivision Juvenile fiction.
650 #0 - SUBJECT ADDED ENTRY--TOPICAL TERM
Topical term or geographic name entry element Contests
Form subdivision Juvenile fiction.
650 #0 - SUBJECT ADDED ENTRY--TOPICAL TERM
Topical term or geographic name entry element Murder
General subdivision Investigation
Form subdivision Juvenile fiction.
650 #0 - SUBJECT ADDED ENTRY--TOPICAL TERM
Topical term or geographic name entry element Triangles (Interpersonal relations)
Form subdivision Juvenile fiction.
650 #1 - SUBJECT ADDED ENTRY--TOPICAL TERM
Topical term or geographic name entry element Fantasy.
650 #1 - SUBJECT ADDED ENTRY--TOPICAL TERM
Topical term or geographic name entry element Assassins
Form subdivision Fiction.
650 #1 - SUBJECT ADDED ENTRY--TOPICAL TERM
Topical term or geographic name entry element Princes
Form subdivision Fiction.
650 #1 - SUBJECT ADDED ENTRY--TOPICAL TERM
Topical term or geographic name entry element Courts and courtiers
Form subdivision Fiction.
650 #1 - SUBJECT ADDED ENTRY--TOPICAL TERM
Topical term or geographic name entry element Prisoners
Form subdivision Fiction.
650 #7 - SUBJECT ADDED ENTRY--TOPICAL TERM
Topical term or geographic name entry element JUVENILE FICTION
General subdivision Fantasy & Magic.
Source of heading or term bisacsh.
650 #7 - SUBJECT ADDED ENTRY--TOPICAL TERM
Topical term or geographic name entry element JUVENILE FICTION
General subdivision Action & Adventure
-- General.
Source of heading or term bisacsh.
650 #7 - SUBJECT ADDED ENTRY--TOPICAL TERM
Topical term or geographic name entry element JUVENILE FICTION
General subdivision Love & Romance.
Source of heading or term bisacsh.
650 #7 - SUBJECT ADDED ENTRY--TOPICAL TERM
Topical term or geographic name entry element Assassins.
Source of heading or term fast.
650 #7 - SUBJECT ADDED ENTRY--TOPICAL TERM
Topical term or geographic name entry element Contests.
Source of heading or term fast.
650 #7 - SUBJECT ADDED ENTRY--TOPICAL TERM
Topical term or geographic name entry element Courts and courtiers.
Source of heading or term fast.
650 #7 - SUBJECT ADDED ENTRY--TOPICAL TERM
Topical term or geographic name entry element Murder
General subdivision Investigation.
Source of heading or term fast.
650 #7 - SUBJECT ADDED ENTRY--TOPICAL TERM
Topical term or geographic name entry element Princes.
Source of heading or term fast.
650 #7 - SUBJECT ADDED ENTRY--TOPICAL TERM
Topical term or geographic name entry element Prisoners.
Source of heading or term fast.
650 #7 - SUBJECT ADDED ENTRY--TOPICAL TERM
Topical term or geographic name entry element Triangles (Interpersonal relations)
Source of heading or term fast.
650 #7 - SUBJECT ADDED ENTRY--TOPICAL TERM
Topical term or geographic name entry element Assassins
Form subdivision Fiction.
Source of heading or term sears.
650 #7 - SUBJECT ADDED ENTRY--TOPICAL TERM
Topical term or geographic name entry element Princes
Form subdivision Fiction.
Source of heading or term sears.
650 #7 - SUBJECT ADDED ENTRY--TOPICAL TERM
Topical term or geographic name entry element Courts and courtiers
Form subdivision Fiction.
Source of heading or term sears.
650 #7 - SUBJECT ADDED ENTRY--TOPICAL TERM
Topical term or geographic name entry element Prisoners
Form subdivision Fiction.
Source of heading or term sears.
650 #7 - SUBJECT ADDED ENTRY--TOPICAL TERM
Topical term or geographic name entry element Fantasy fiction.
Source of heading or term sears.
655 #0 - INDEX TERM--GENRE/FORM
Genre/form data or focus term Young adult fiction.
655 #4 - INDEX TERM--GENRE/FORM
Genre/form data or focus term Fantasy.
655 #7 - INDEX TERM--GENRE/FORM
Genre/form data or focus term Fantasy fiction.
Source of term fast.
655 #7 - INDEX TERM--GENRE/FORM
Genre/form data or focus term Fiction.
Source of term fast.
655 #7 - INDEX TERM--GENRE/FORM
Genre/form data or focus term Juvenile works.
Source of term fast.
655 #7 - INDEX TERM--GENRE/FORM
Genre/form data or focus term Young adult works.
Source of term fast.
655 #7 - INDEX TERM--GENRE/FORM
Genre/form data or focus term Fantasy fiction.
Source of term gsafd.
655 #7 - INDEX TERM--GENRE/FORM
Genre/form data or focus term Fantasy fiction.
Source of term lcgft.
942 ## - ADDED ENTRY ELEMENTS (KOHA)
Source of classification or shelving scheme
Koha item type Books - Fiction
Holdings
Withdrawn status Lost status Source of classification or shelving scheme Damaged status Not for loan Collection code Permanent Location Current Location Shelving location Date acquired Total Checkouts Full call number Barcode Date last seen Date last checked out Price effective from Koha item type
          Fiction KH8 Senior School Library KH8 Senior School Library Young Adult 2020-03-10 5 FIC MAA 3KHSL000101730 2025-09-24 2025-09-17 2020-03-10 Books - Fiction

Powered By KH8 IT Dept